<?xml version="1.0" encoding="UTF-8"?>
<collection xmlns="http://www.loc.gov/MARC21/slim">
    <record>
        <controlfield tag="001">87767</controlfield>
        <controlfield tag="005">20201221123916.0</controlfield>
        <datafield tag="024" ind1="7" ind2=" ">
            <subfield code="2">doi</subfield>
            <subfield code="a">10.18239/ensayos.v34i1.2043</subfield>
        </datafield>
        <datafield tag="024" ind1="8" ind2=" ">
            <subfield code="2">sideral</subfield>
            <subfield code="a">116080</subfield>
        </datafield>
        <datafield tag="037" ind1=" " ind2=" ">
            <subfield code="a">ART-2019-116080</subfield>
        </datafield>
        <datafield tag="041" ind1=" " ind2=" ">
            <subfield code="a">spa</subfield>
        </datafield>
        <datafield tag="100" ind1=" " ind2=" ">
            <subfield code="0">(orcid)0000-0001-8589-6659</subfield>
            <subfield code="a">Navarro Neri, Iñaki</subfield>
            <subfield code="u">Universidad de Zaragoza</subfield>
        </datafield>
        <datafield tag="245" ind1=" " ind2=" ">
            <subfield code="a">Los principales museos arqueológicos españoles en las redes sociales: estudio exploratorio sobre procesos educomunicativos</subfield>
        </datafield>
        <datafield tag="260" ind1=" " ind2=" ">
            <subfield code="c">2019</subfield>
        </datafield>
        <datafield tag="506" ind1="0" ind2=" ">
            <subfield code="a">Access copy available to the general public</subfield>
            <subfield code="f">Unrestricted</subfield>
        </datafield>
        <datafield tag="520" ind1="3" ind2=" ">
            <subfield code="a">En el presente estudio se realiza una aproximación cuantitativa a la situación actual de las principales instituciones museísticas arqueológicas en las principales redes sociales (Facebook, Twitter, Instagram, Pinterest y YouTube). Tras un periodo de adaptación a los ritmos y características particulares de cada red social , las instituciones se encuentran en una fase de estabilidad donde destaca una actividad diaria más informativa que educativa y donde llama la atención las pocas respuestas y comentarios que suscitan lo cual dificulta la generación de procesos educomunicativos. 

In the present study, a quantitative app roach is made regarding the current situation of the main archaeological museums in the main social networks (Facebook, Twitter, Instagram, Pinterest and YouTube). After a period of adaptation to the rhythms and particular characteristics of each social ne twork, the institutions are in a stability phase where a daily activity is more informative than educational and where the few responses and comments that they generate draw attention and where the few responses and comments that we have observed make it d ifficult to generate of educommunicative processes.</subfield>
        </datafield>
        <datafield tag="540" ind1=" " ind2=" ">
            <subfield code="9">info:eu-repo/semantics/openAccess</subfield>
            <subfield code="a">by-nc-nd</subfield>
            <subfield code="u">http://creativecommons.org/licenses/by-nc-nd/3.0/es/</subfield>
        </datafield>
        <datafield tag="655" ind1=" " ind2="4">
            <subfield code="a">info:eu-repo/semantics/article</subfield>
            <subfield code="v">info:eu-repo/semantics/publishedVersion</subfield>
        </datafield>
        <datafield tag="700" ind1=" " ind2=" ">
            <subfield code="0">(orcid)0000-0002-6757-7598</subfield>
            <subfield code="a">Rivero, Pilar</subfield>
            <subfield code="u">Universidad de Zaragoza</subfield>
        </datafield>
        <datafield tag="710" ind1="2" ind2=" ">
            <subfield code="1">4006</subfield>
            <subfield code="2">210</subfield>
            <subfield code="a">Universidad de Zaragoza</subfield>
            <subfield code="b">Dpto. Didác.Leng.y CC.HH.y SS.</subfield>
            <subfield code="c">Área Didáctica Ciencias Socia.</subfield>
        </datafield>
        <datafield tag="773" ind1=" " ind2=" ">
            <subfield code="g">34, 1 (2019), 163-178</subfield>
            <subfield code="p">Ensayos (Albacete)</subfield>
            <subfield code="t">Ensayos (Albacete)</subfield>
            <subfield code="x">0214-4824</subfield>
        </datafield>
        <datafield tag="856" ind1="4" ind2="1">
            <subfield code="u">https://revista.uclm.es/index.php/ensayos/article/view/2043</subfield>
            <subfield code="z">Texto completo de la revista</subfield>
        </datafield>
        <datafield tag="856" ind1="4" ind2=" ">
            <subfield code="s">649798</subfield>
            <subfield code="u">http://zaguan.unizar.es/record/87767/files/texto_completo.pdf</subfield>
            <subfield code="y">Versión publicada</subfield>
        </datafield>
        <datafield tag="856" ind1="4" ind2=" ">
            <subfield code="s">359590</subfield>
            <subfield code="u">http://zaguan.unizar.es/record/87767/files/texto_completo.jpg?subformat=icon</subfield>
            <subfield code="x">icon</subfield>
            <subfield code="y">Versión publicada</subfield>
        </datafield>
        <datafield tag="909" ind1="C" ind2="O">
            <subfield code="o">oai:zaguan.unizar.es:87767</subfield>
            <subfield code="p">articulos</subfield>
            <subfield code="p">driver</subfield>
        </datafield>
        <datafield tag="951" ind1=" " ind2=" ">
            <subfield code="a">2020-12-21-12:33:32</subfield>
        </datafield>
        <datafield tag="980" ind1=" " ind2=" ">
            <subfield code="a">ARTICLE</subfield>
        </datafield>
    </record>

    
</collection>